000 00246pam a2200133 a 4500
020 _c
041 _h
100 _aBalagurusamy
245 _aProgramming in Basic
260 _c1995
300 _a317
653 _aEnvironment
930 _a907
999 _c246760
_d246760